المساكن الشعبية الصينية / (Record no. 27968)
[ view plain ]
| 000 -الفاتح | |
|---|---|
| حقل البيانات ثابتة الطول | 01401nam a22003377a 4500 |
| 003 - محدد رقم الضبط | |
| رقم الضبط | EG-ScBUE |
| 005 - وقت وتاريخ اخر تعامل مع التسجيلة | |
| رقم الضبط | 20200128101927.0 |
| 008 - عناصر البيانات ثابتة الطول - معلومات عامة | |
| حقل البيانات ثابتة الطول | 200127s2011 cc bo f 000 0 ara d |
| 020 ## - الرقم الدولى المعيارى للكتب | |
| الرقم الدولى المعيارى للكتاب | 9787508520018 |
| 040 ## - مصدر الفهرسة | |
| وكالة الفهرسة الأصلية | EG-ScBUE |
| لغة الفهرسة | ara |
| قواعد الوصف | rda |
| وكالة النسخ | EG-ScBUE |
| وكالة التعديل | EG-ScBUE |
| 041 1# - رمز اللغة | |
| رمز لغة النص/ المسارات الصوتية أو العنوان الانفرادي | ara |
| رمز لغة الترجمات و/او الاصلية المتوسطة للنص | chi |
| 043 ## - رمز المنطقة الجغرافية | |
| رمز المنطقة الجغرافية | a-cc--- |
| 082 04 - رقم تصنيف ديوى العشرى | |
| رقم التصنيف | 728.0951 |
| رقم المادة | ت ش ي |
| رقم الطبعة | 22 |
| 100 1# - المدخل الرئيسى - إسم شخصى | |
| الإسم الشخصى | تشي، شان ده، |
| الدور | مؤلف. |
| 245 12 - بيان العنوان | |
| العنوان | المساكن الشعبية الصينية / |
| بيان المسئوليه,etc | بقلم شان ده تشي [وآخرون] ؛ مترجمة آسيا تشانغ جينغ شو. |
| 264 #1 - النشر، التوزيع | |
| مكان الناشر او الموزع | الصين : |
| اسم الناشر او الموزع | دار النشر الصينية عبر القارات، |
| تاريخ النشر أو التوزيع | 2011. |
| 300 ## - الوصف المادى | |
| التعداد | 139 صفحة : |
| تفاصيل ماديه اخرى للوعاء | خرائط، صور ؛ |
| أبعاد الوعاء | 24 سم. |
| 336 ## - نوع المحتوى | |
| source | rdacontent |
| Carrier Type Term | نص |
| Content Type Code | txt |
| 337 ## - نوع الوسيط | |
| source | rdamedia |
| Media Type Term | بدون وسيط |
| Media Type Code | n |
| 338 ## - نوع الحامل أو الناقل | |
| source | rdacarrier |
| Carrier Type Term | مجلد |
| Carrier Type Code | nc |
| 490 0# - بيان السلسلة | |
| عنوان السلسلة | سلسلة الصين الثقافية |
| 500 ## - تبصرة عامة | |
| تبصرة عامة | يشتمل على ملاحق. |
| 541 ## - تبصرة المصدر المباشر للتزويد | |
| مصدر التزويد | المركز الثقافي الصيني بالقاهرة ؛ |
| طريقة التزويد | إهداء |
| 546 ## - تبصرة اللغة | |
| تبصرة اللغة | النص باللغة العربية وقد تم ترجمته من اللغة الصينية. |
| 650 #7 - المدخل الاضافى بالموضوع-مصطلح موضوعى | |
| مصطلح موضوعي أو اسم جغرافي كعنصر مدخل | المساكن الشعبية |
| التقسيم الفرعي الجغرافي | الصين. |
| مصدر الرأس أو المصطلح | BUEsh |
| 9 (RLIN) | 41135 |
| 651 #7 - المدخل الاضافى بالموضوع - اسم جغرافى | |
| الاسم الجغرافي | الصين |
| التقسيم الفرعي العام | مساكن. |
| مصدر الرأس أو المصطلح | BUEsh |
| 653 ## - مصطلح تكشيفى غير مقيد | |
| Resource For college | Generalities |
| Arrived date list | January2020 |
| 655 ## - مصطلح تكشيفى-نوع/شكل | |
| التقسيم الفرعي الشكلي | Reading book |
| 700 1# - المدخل الاضافى - اسم شخصى | |
| الإسم الشخصى | شو، آسيا تشانغ جينغ، |
| الدور | مترجم. |
| 9 (RLIN) | 26537 |
| 942 ## - عناصر المدخل الإضافي( كوها) | |
| مصدر التصنيف او مخطط الترفيف | Dewey Decimal Classification |
| حالة التراجع | حالة الفقد | مصدر التصنيف او خطة الترفيف | حالة تلف | ليس للاعارة | مجموعات كوها | المكان الدائم | المكان الحالي | موقع الترفيف | تاريخ الاكتساب | Source of acquisition | رقم الاستدعاء | الباركود | Date last seen | نوع الوعاء |
|---|---|---|---|---|---|---|---|---|---|---|---|---|---|---|
| Dewey Decimal Classification | Donation-Gift | Central Library | Central Library | Ground Floor | 27/01/2020 | Donation | 728.0951 ت ش ي | 000048501 | 15/07/2025 | Book - Borrowing | ||||
| Dewey Decimal Classification | Donation-Gift | Central Library | Central Library | Ground Floor | 28/01/2020 | Donation | 728.0951 ت ش ي | 000048503 | 15/07/2025 | NB - Book (Non borrowing) |